000 00426nam a2200181Ia 4500
001 9162
005 20260306160703.0
008 260306t2005||||xx |||||||||||||| ||spa||
041 _aESP
082 _a373.4
_bG63
100 _aGómez Cumpa, José
_eAUT
245 0 _aFundamentos de investigación educativa
260 _c2005
300 _a136 p :
_c24 cm.
650 _aGEN
654 _aCED
942 _cLIB
_dJUS
_fJUS
_2ddc
_n
999 _c9162
_d9162